Aquatic telemetry: Advances and applications : Proceedings of the Fourth Conference on Fish Telemetry in Europe held in Europe, Ustica, Italy, 9 - 13 june 2003

保存先:
書誌詳細
第一著者: Spedicato, Maria Teresa
フォーマット: 図書
言語:Undetermined
出版事項: Rome FAO 2005
主題:
タグ: タグ追加
タグなし, このレコードへの初めてのタグを付けませんか!
Thư viện lưu trữ: Trung tâm Học liệu Trường Đại học Cần Thơ
LEADER 00680nam a2200205Ia 4500
001 CTU_108493
008 210402s9999 xx 000 0 und d
082 |a 597.15072 
082 |b S741 
100 |a Spedicato, Maria Teresa 
245 0 |a Aquatic telemetry: Advances and applications : 
245 0 |b Proceedings of the Fourth Conference on Fish Telemetry in Europe held in Europe, Ustica, Italy, 9 - 13 june 2003 
245 0 |c Maria Teresa Spedicato, Gerd Marmulla 
260 |a Rome 
260 |b FAO 
260 |c 2005 
650 |a Animal radio tracking,Fishes 
650 |x Behavior,Research 
904 |i Minh 
980 |a Trung tâm Học liệu Trường Đại học Cần Thơ